Poverty and progress : An ecological model of economic development

The main ideas in this book took shape in opposition to what seemed - initially from the student's position - to be the prevailing academic view of economic development.

Spremljeno u:
Bibliografski detalji
Glavni autor: Wilkinson, Richard G.
Format: Knjiga
Jezik:Undetermined
Izdano: London Methuen 1973
Teme:
Oznake: Dodaj oznaku
Bez oznaka, Budi prvi tko označuje ovaj zapis!
Thư viện lưu trữ: Trung tâm Học liệu Trường Đại học Cần Thơ
LEADER 00745nam a2200205Ia 4500
001 CTU_219074
008 210402s9999 xx 000 0 und d
082 |a 330.9 
082 |b W687 
100 |a Wilkinson, Richard G. 
245 0 |a Poverty and progress : 
245 3 |b An ecological model of economic development 
245 0 |c Richard G. Wilkinson 
260 |a London 
260 |b Methuen 
260 |c 1973 
520 |a The main ideas in this book took shape in opposition to what seemed - initially from the student's position - to be the prevailing academic view of economic development. 
650 |a Phát triển kinh tế,Economic development 
904 |i Trúc 
980 |a Trung tâm Học liệu Trường Đại học Cần Thơ